| 000 | 00000nam##2200000za#4500 |
| 001 | 9.615253 |
| 003 | CaOODSP |
| 005 | 20241203113634 |
| 007 | ta |
| 008 | 150406|2000||||xxc||||| f|0| 0 eng|d |
| 020 | |a0-662-29014-3 |
| 040 | |aCaOODSP|beng |
| 043 | |an-cn--- |
| 086 | 1 |aEn40-215/52E |
| 110 | 1 |aCanada. |bEnvironment Canada. |
| 245 | 10|a1,3-Butadiene |
| 260 | |aOttawa - Ontario : |bEnvironment Canada |c2000. |
| 300 | |aviii, 104p. : |bgraphs, references, tables ; |c28 cm. |
| 490 | 1 |aPriority substances list assessment report |
| 500 | |a"1,3-Butadiene is a product of incomplete combustion resulting from natural processes and human activity... Butadiene enters the Canadian environment from exhaust emissions from gasoline- and diesel-powered vehicles, from non-transportation fuel combustion, from biomass combustion and from industrial on-site uses... The general population in Canada is exposed to butadiene primarily through ambient and indoor air."--Synopsis. |
| 520 | 3 |a1,3-Butadiene is a product of incomplete combustion resulting from natural processes and human activity... Butadiene enters the Canadian environment from exhaust emissions from gasoline- and diesel-powered vehicles, from non-transportation fuel combustion, from biomass combustion and from industrial on-site uses... The general population in Canada is exposed to butadiene primarily through ambient and indoor air.--Synopsis |
| 563 | |aSpiral binding |
| 590 | |a00-25|b2000-06-23 |
| 690 | 07|aToxic substances|2gcpds |
| 690 | 07|aToxicology|2gcpds |
| 690 | 07|aEnvironmental impact assessment|2gcpds |
| 776 | 0#|t1,3-Butadiene / |w(CaOODSP)9.571376 |
| 830 | #0|aPriority substances list assessment report.|w(CaOODSP)9.514568 |